| 000 | 00717nam a2200205 a 4500 | ||
|---|---|---|---|
| 005 | 20210219160507.0 | ||
| 008 | 081109s1988 mx r 000 0 spa d | ||
| 035 | _aUPN01000166779 | ||
| 049 | _aUNE | ||
| 080 | _a371.62: 373.2 (5) =20KIS No.184. | ||
| 100 | 1 | _aKishigami S., Hiroko | |
| 245 | 1 | 0 |
_aDesign ideas for pre-school centres and play spaces / _cHiroko Kishigami S. |
| 260 |
_aParis : _bUNESCO; _aNew York : _bUNICEF; _aRome : _bWFP, _c1988. |
||
| 300 |
_a16 p. ; _bil. |
||
| 440 | 0 |
_aNotes, Comments... ; _v184. |
|
| 690 | _aEducacion preescolar- Edificios educacionales | ||
| 690 | _aEdificios educacionales- Educacion preescolar- Asia | ||
| 710 | 2 | _aPrograma de Alimentación Mundial | |
| 905 | _aUNESCO | ||
| 999 |
_c138890 _d138890 |
||